| 000 | 00391nam a2200121Ia 4500 | ||
|---|---|---|---|
| 008 | 220615s9999||||xx |||||||||||||| ||und|| | ||
| 245 | 0 | _aStandards, Methods and Solutions of Metrology | |
| 546 | _aEnglish[eng] | ||
| 650 | _aEngineering measurement & calibration | ||
| 700 | _aCocco, Luigi | ||
| 856 | _uhttps://mts.intechopen.com/storage/books/7669/authors_book/authors_book.pdf | ||
| 942 | _cEB | ||
| 999 |
_c9711 _d9711 |
||